Lanean...

Mere sakshathkar/

Xehetasun bibliografikoak
Egile nagusia: Trilochan
Formatua: Printed Book
Argitaratua: Delhi: Kitabgar, 2004.
LEADER 00340nam a22001097a 4500
100 |a Trilochan 
245 |a Mere sakshathkar/  |c Trilochan 
260 |a Delhi:  |b Kitabgar,  |c 2004. 
300 |a 172p. 
942 |2 ddc  |c BK 
999 |c 244268  |d 244268 
952 |0 0  |1 0  |4 0  |7 0  |9 271046  |a HIN  |b HIN  |c ST1  |d 2012-05-25  |i 19114  |l 1  |m 2  |p HIN19114  |r 2012-09-06  |s 2012-05-25  |w 2012-05-25  |y BK